Biografía del Señor don Carlos Luis María de Borbón y de Braganza, Conde de Montemolin (Record no. 167643)
[ view plain ]
| 000 -LEADER | |
|---|---|
| campo de control de longitud fija | 00860nam a22002055i 4500 |
| 001 - NÚMERO DE CONTROL | |
| campo de control | 167643 |
| 003 - IDENTIFICADOR DE NÚMERO DE CONTROL | |
| campo de control | ES-MaACL |
| 005 - FECHA Y HORA DE LA ÚLTIMA TRANSACCIÓN | |
| campo de control | 20250809105146.0 |
| 008 - DATOS DE LONGITUD FIJA--INFORMACIÓN GENERAL | |
| campo de control de longitud fija | 960320s1855 sp |||| | spa d |
| 040 ## - FUENTE DE CATALOGACIÓN | |
| Centro catalogador/agencia de origen | AS |
| Lengua de catalogación | spa |
| Centro/agencia transcriptor | CCPB | SIC |
| 100 1# - ENTRADA PRINCIPAL--NOMBRE DE PERSONA | |
| Nombre de persona | Vinader, Ramón. |
| 9 (RLIN) | 133779 |
| 245 10 - MENCIÓN DEL TÍTULO | |
| Título | Biografía del Señor don Carlos Luis María de Borbón y de Braganza, Conde de Montemolin |
| Resto del título | : abraza la historia de la Guerra Civil en los años 1847, 1848 y 1849. |
| 260 ## - PUBLICACIÓN, DISTRIBUCIÓN, ETC. | |
| Lugar de publicación, distribución, etc. | Madrid : |
| Nombre del editor, distribuidor, etc. | [s.n.], |
| Fecha de publicación, distribución, etc. | 1855 ( |
| Fabricante | Manuel Morales y Rodríguez) |
| 300 ## - DESCRIPCIÓN FÍSICA | |
| Extensión | VII, 203 p., [1] h. de lám. ; |
| Dimensiones | 23 cm. |
| 500 ## - NOTA GENERAL | |
| Nota general | Encab. tomado de Palau 29817. |
| 600 14 - PUNTO DE ACCESO ADICIONAL DE MATERIA--NOMBRE DE PERSONA | |
| Nombre de persona | Borbón, Carlos Luis de, |
| Títulos y otros términos asociados al nombre | Conde de Montemolín, |
| Fechas asociadas al nombre | 1818-1861 |
| 9 (RLIN) | 147969 |
| 651 04 - PUNTO DE ACCESO ADICIONAL DE MATERIA--NOMBRE GEOGRÁFICO | |
| Nombre geográfico | España- |
| Subdivisión general | Historia- |
| Subdivisión cronológica | 1833-1876, Guerras carlistas. |
| 9 (RLIN) | 8253 |
| 852 ## - LOCALIZACIÓN | |
| Ubicación | ES-MaACL |
| Número de control de estantería | G-3031 |
| Nota libre | -- Enc. hol. |
| Estatus retirado | Estado de pérdida | Estado de daño | No para préstamo | Colección | Biblioteca de origen | Biblioteca actual | Ubicación en estantería | Fecha de adquisición | Fuente de adquisición | Total de préstamos | Signatura topográfica completa | Código de barras | Visto por última vez | Precio de reemplazo | Tipo de ítem Koha |
|---|---|---|---|---|---|---|---|---|---|---|---|---|---|---|---|
| Libros del s. XIX | Biblioteca del Ateneo de Madrid | Biblioteca del Ateneo de Madrid | Depósito 2 | 17/01/2008 | G-3031 | 1175877 | 23/02/2023 | 23/02/2023 | Libro impreso antiguo |
